000 01335nam a2200253 a 4500
003 BD-RjUL
005 20240530145721.0
008 240530s1991 bg a|||| m||| 00| 0 ben d
010 _aben
020 _aben
035 _a(BD-RjUL)
040 _aBD-RjUL
_bben / eng
_cBD-RjUL
_dBD-RjUL
041 _aben
082 _223
_a491.4409
_bHAV 1991
100 _aহক, খোন্দকার মু. আজিজুল
_912034
245 1 0 _aভাষার স্বরুপ সন্ধান :
_bপ্রায়োগিক প্রেক্ষিত বাংলা ভাষা /
_cখোন্দকার মু. আজিজুল হক ;
260 _aরাজশাহী :
_bবাংলা বিভাগ, রাজশাহী বিশ্ববিদ্যালয়,
_c১৯৯১
300 _a[ঘ], ২২৪ পাতা :
_bচিত্র ;
_c২৯ সেমি.
502 _aথিসিস (পিএইচ. ডি.) -- বাংলা বিভাগ, রাজশাহী বিশ্ববিদ্যালয়, ১৯৯১
504 _aগ্রন্থপঞ্জি : পাতা ২২১-২২৪
650 _aবাংলা ভাষা
_vইতিহাস ও সমালোচনা
_913234
650 _aBengali language
_vHistory and Criticism
_913235
942 _2ddc
_cTHE
999 _c83853
_d83853